المواصلات السلكية واللاسلكية فى جمهورية مصر العربية 1991/90.
يعتبر قطاع الاتصالات السلكية واللاسلكية من القطاعات الاقتصادية الهامة التى تساعد على توفير خدمات الإتصال للمواطنين بجميع أنواعه ومنها الخدمات البريدية التى تقوم بتوفير وتسهيل الخدمات بصورة أكثر تطورا وكفاءة عالية فى إطار الثورة المعلوماتية الحالية مما يساهم فى تنمية الاقتصاد القومى....
Sábháilte in:
| Údar corparáideach: | |
|---|---|
| Formáid: | LEABHAR |
| Teanga: | Araibis |
| Foilsithe / Cruthaithe: |
القاهرة :
الجهاز المركزى للتعبئة العامة والإحصاء.
|
| Ábhair: | |
| Clibeanna: |
Cuir clib leis
Níl clibeanna ann, Bí ar an gcéad duine le clib a chur leis an taifead seo!
|
MARC
| LEADER | 00000nam a22000007a 4500 | ||
|---|---|---|---|
| 003 | INP | ||
| 005 | 20181014151631.0 | ||
| 008 | 180304buuuuuuuuua ja||f |||| 00| 0 ara d | ||
| 952 | |0 0 |1 0 |4 0 |6 383_000000000000000_م_و_1991_90 |7 0 |8 نشرات التع |9 17512 |a INP |b INP |c JOUR |d 2018-10-14 |l 0 |o 383 م و 1991/90 |p 018110 |r 2022-03-28 00:00:00 |w 2018-10-14 |y PUB |0 0 | ||
| 999 | |c 15383 |d 15383 | ||
| 017 | |a 2014/18835 | ||
| 040 | |a EG-INP |b ara |c EG-INP | ||
| 082 | 0 | 4 | |2 21 |a 383 |b م و 1991/90 |
| 245 | 0 | 2 | |a المواصلات السلكية واللاسلكية فى جمهورية مصر العربية 1991/90. |
| 260 | |a القاهرة : |b الجهاز المركزى للتعبئة العامة والإحصاء. | ||
| 300 | |a مج. : |b إيض. ؛ |c 24 سم. | ||
| 500 | |a مرجع رقم 71-12221-91 | ||
| 500 | |a يبنى الوصف على عام ( 90 / 1991 ) | ||
| 500 | |a إصدار نوفمبر 1992 | ||
| 520 | |a يعتبر قطاع الاتصالات السلكية واللاسلكية من القطاعات الاقتصادية الهامة التى تساعد على توفير خدمات الإتصال للمواطنين بجميع أنواعه ومنها الخدمات البريدية التى تقوم بتوفير وتسهيل الخدمات بصورة أكثر تطورا وكفاءة عالية فى إطار الثورة المعلوماتية الحالية مما يساهم فى تنمية الاقتصاد القومى. | ||
| 650 | 7 | |2 qrmak |a الاتصالات السلكية واللاسلكية. | |
| 650 | 7 | |2 qrmak |a اللاسلكى. | |
| 650 | 7 | |2 qrmak |a المواصلات. | |
| 650 | 7 | |2 qrmak |a النقل والمواصلات. | |
| 650 | 7 | |2 qrmak |a الإحصائيات. | |
| 650 | 7 | |2 qrmak |a الأقمار الصناعية. | |
| 650 | 7 | |2 qrmak |a المواصلات الجوية. | |
| 710 | 2 | |a الجهاز المركزى للتعبئة العامة والإحصاء. | |
| 901 | |a EGPV26 | ||
| 903 | |a original | ||
| 942 | |2 ddc |c PUB | ||